Estudio de medición de la atención desde la perspectiva de los usuarios /

Detalles Bibliográficos
Autor principal: Aguirre, Fernando
Otros Autores: Davidovich, Gabriel, Torche, Arístides
Formato: Libro
Lenguaje:inglés
Publicado: Santiago, Chile SENAME 1985
Colección:Documento de trabajo 4
Materias:

MARC

LEADER 00000cam a2200000 a 4500
001 013280
003 UAHC_CL
005 20170803121012.0
008 010822b xx j 000 1 eng
040 |a UAHC_CL  |c UAHC_CL  |d UAHC_CL 
082 0 4 |a 362.76 A284 
100 1 |a Aguirre, Fernando 
245 1 0 |a Estudio de medición de la atención desde la perspectiva de los usuarios /  |c Patricio Dooner Díaz, ed. 
260 |b SENAME  |c 1985  |a Santiago, Chile 
300 |a 80 p. 
490 0 |a Documento de trabajo  |v 4 
650 4 |x INVESTIGACIONES 
650 4 |a SENAME  |z CHILE 
700 1 |a Davidovich, Gabriel 
700 1 |a Torche, Arístides 
900 |a 362.76 AGU 
942 |c BK 
952 |0 0  |1 0  |4 0  |6 362_760000000000000_AGU  |7 0  |8 General  |9 26771  |a BC  |b BC  |c General  |d 2017-08-03  |l 0  |o 362.76 AGU  |p 1311689  |r 2026-01-13 00:00:00  |t 1  |w 2017-08-03  |y BK 
999 |c 13280  |d 13280